000 00919cam a22002532 4500
001 0000011874
005 20151021151122.0
008 090118s xx 000 0 eng d
020 _a0135009369
040 _aKABU
_cKABU
050 0 _aHF1017
_b.B47 2009
100 1 _aBerenson, Mark L.
_@0000150540
245 1 0 _aBasic business statistics :
_bconcepts and applications /
_cMark L. Berenson, David M. Levine Timothy C. Krehbiel.
250 _a11th ed.
260 _aUpper Saddle River, N. J. :
_bPrentice-Hall,
_cc2009.
300 _a1013 p. :
_bill. +
_e1 computer compact digital disk (4 3/4 in. ) and Key formulas.
650 0 _aCommercial statistics.
_@0000149884
650 0 _aStatistics.
_@0000149871
700 1 _aLevine, David M.
_@0000150536
700 1 _aKrehbiel, Timothy C.
_@0000157716
852 1 _9p6700 KES
908 _a090118
950 _@1
999 _c863
_d863